Catálogo

BIBLIOTHECA NOVOHISPANA GUADALUPANA (Registro nro. 55961)

Detalles MARC
000 -LEADER
fixed length control field 01056nam a2200193 a 4500
001 - CONTROL NUMBER
control field 55961
005 - DATE AND TIME OF LATEST TRANSACTION
control field 20180714051508.0
008 - FIXED-LENGTH DATA ELEMENTS--GENERAL INFORMATION
fixed length control field 140415s2003 mx 000 0 spa d
041 ## - LANGUAGE CODE
Language code of text/sound track or separate title spa
082 ## - DEWEY DECIMAL CLASSIFICATION NUMBER
Classification number 016.232917
Item number MAT
100 1# - MAIN ENTRY--PERSONAL NAME
Personal name MATHES, MIGUEL
245 10 - TITLE STATEMENT
Title BIBLIOTHECA NOVOHISPANA GUADALUPANA
250 ## - EDITION STATEMENT
Edition statement 1a ed.
260 ## - PUBLICATION, DISTRIBUTION, ETC.
Place of publication, distribution, etc. MEXICO :
Name of publisher, distributor, etc. CENTRO DE ESTUDIOS DE HISTORIA DE MEXICO CONDUMEX,
Date of publication, distribution, etc. 2003
300 ## - PHYSICAL DESCRIPTION
Extent 1047
Dimensions 21 x 0.7 x 27.4
520 ## - SUMMARY, ETC.
Summary, etc. EL CENTRO DE ESTUDIOS DE HISTORIA DE MEXICO CONDUMEX PRESENTA EN SU COLECCION GUIAS EL INVENTARIO DE LA BIBLOGRAFIA GUADALUPANA, QUE RECOGE UN TRABAJO SUMAMENTE CUIDADOSO, DEL INVESTIGADOR DR.MIGUEL MATHES, CON EL TITULO BIBLIOTHECA NOVOHISPANA GUADALUPANA. LAS BIBLIOTECAS DE MEXICO, AMERICA DEL SUR, ESTADOS UNIDOS Y ESPAÑA FUERON REVISADAS PARA REALIZAR UNA BUSQUEDA EXHAUSTIVA DE LOS IMPRESOS GUADALUPANOS, DESDE EL SIGLO XVI HASTA LA TERCERA DECADA DEL SIGLO XIX.
650 14 - SUBJECT ADDED ENTRY--TOPICAL TERM
Topical term or geographic name entry element BIBLIOGRAFIAS
General subdivision VIRGEN DE GUADALUPE
-- APARICIONES Y MILAGROS
700 1# - ADDED ENTRY--PERSONAL NAME
Personal name POOLE, STAFFORD
Relator term pról.
Existencias
Withdrawn status Lost status Source of classification or shelving scheme Damaged status Not for loan Collection code Home library Current library Shelving location Date acquired Source of acquisition Inventory number Total Checkouts Full call number Barcode Date last seen Date last checked out Price effective from Koha item type
    Dewey Decimal Classification     General Biblioteca Karol Wojtyla Biblioteca Karol Wojtyla Sala general 03/12/2013 Compra 151000000000000000059627 1 '016.232917 MAT 84110 05/01/2026 08/08/2022 03/12/2013 Libro